000 00765nam a2200241Ia 4500
003 OSt
005 20220925200106.0
006 a|||||r|||| 00| 0
007 ta
008 220923b |||||||| |||| 00| 0 eng d
037 _cGeneral Book
040 _aRTL
_cRTL
_beng
041 _2eng
_aeng
082 _aY31:7:7:(T).44Q7214.N7, L4/Q7
110 _aBangladesh Academy for Rural Development (Comilla)
245 0 _aThana level officers
_b Training conference May 29th
260 _aComilla
_bThe Auhtor
_c1974
300 _a80p
_ccm.
650 _aCommunity Development
700 _aBangladesh Academy for Rural Development (Comilla)
942 _hY31:7:7:(T).44Q7214.N7, L4/Q7
_cGB
_2CC
999 _c535380
_d535380